Mladost

Bibliographic Details
Main Author: Figuli, Margita, 1909-1995 (Author)
Format: Book
Language:English
PhysicalDescription:312 s.
Published: Praha Československý spisovatel 1961
Edition:4. čes. vyd.

MARC

LEADER 00000nam a2200000 a 4500
001 vtls010278444
003 SK-MaSNL
005 20260302011743.0
008 240315 000 0 eng
040 |a SNK  |b slo  |c SNK  |e AACR2 
100 1 |a Figuli, Margita,  |d 1909-1995  |4 aut  |9 54155 
245 1 |a Mladost  |c Margita Figuli; Přeložila Marie Pilařová 
250 |a 4. čes. vyd. 
260 |a Praha  |b Československý spisovatel  |c 1961  |e Brno  |f Tisk 
300 |a 312 s. 
999 |c 1007290  |d 1009220 
952 |a SNK  |b SNK  |y PREZ  |7 0  |p 17A0699666  |o snkSD 19831  |i snkKIP 1657/61  |3 rekatalogizácia  |0 0  |1 0  |4 0  |d 2011-05-13  |l 0  |r 2025-12-03 00:00:00  |w 2026-02-24